01544nam a2200265 a 450000100100000000500170001000800410002704000250006808200150009310000300010824500890013826000400022730000270026749000370029450001960033171000650052783000440059204900090063695201280064595201280077395201280090195201130102995201190114299900170126100002808520250204104418.0110406s19uu dr a 000 0 spa d aDO-SdBNPbspacBNPHU axxxbR577n1 aRímoli, Renato O93674910aNuevas citas para mamíferos precolombinos en la Hispaniola. /cRenato O. Rímoli. aSanto Domingo, :bCENDIA,c[19--?]. a15 p. :bil. ;c21 cm.1 aCuadernos del CENDIAv259, No. 5 aInvestigador del Centro Dominicano de Investigaciones Antropologícas (CENDIA) y encargado de la División de Vida Silvestre y Protección Ambiental, Secretaría de Estado de Agricultura.1 aCentro dominicano de investigaciones antropologícas955102 0aCuadernos del CENDIAv259, No. 5955103 aBNPD 001054708DSaGRbGRcCTd2011-04-06iLF1l0oxxx R577np28085-30r2020-06-25te. 3w2020-06-25yLFDSZPréstamo en sala 001054708DSaGRbGRcCTd2011-04-06iLF1l0oxxx R577np28085-40r2020-06-25te. 4w2020-06-25yLFDSZPréstamo en sala 001054708DSaGRbGRcCTd2011-04-06iLF1l0oxxx R577np28085-50r2020-06-25te. 5w2020-06-25yLFDSZPréstamo en sala 0010718PDaPDbPDcHDd2011-04-06iLF1l0oxxx R577np28085-10r2020-06-25w2020-06-25yLFPDZNo se presta 0010718PDaPDbPDcCTd2011-04-06iLF1l0oxxx R577np28085-20r2020-06-25te. 2w2020-06-25yLFPDZNo se presta c27577d27577